| 000 | 00521nam a2200193Ia 4500 | ||
|---|---|---|---|
| 005 | 20250522154322.0 | ||
| 008 | 240806s9999||||xx |||||||||||||| ||eng|| | ||
| 020 | _a978-81-8361-207-4 | ||
| 041 | _aeng | ||
| 082 |
_a891.4312 _bSNAK |
||
| 100 | _aVijyendra Snatak | ||
| 245 | 0 |
_aKabir / _cVijyendra Snatak |
|
| 250 | _a8h | ||
| 260 |
_aAllahabad: _bRadhakrishan Prakashan, _c2008 |
||
| 300 | _a248p. | ||
| 650 | _aHindi | ||
| 880 |
_6245 _aकबीर / विजयेन्द्र स्नतक |
||
| 942 | _cBK | ||
| 999 |
_c9390 _d9390 |
||